Top 50 Greatest Cricketers - Statistics

General Stats
  • This quiz has been taken 6,774 times
  • The average score is 19 of 50
Answer Stats
player % Correct
Sachin Tendulkar
85%
Don Bradman
84%
Shane Warne
79%
Ricky Ponting
72%
Brian Lara
67%
Viv Richards
64%
Glenn McGrath
60%
Kapil Dev
60%
Ian Botham
59%
Barry Richards
57%
Imran Khan
56%
Muttiah Muralitharan
54%
Rahul Dravid
53%
Jacques Kallis
49%
Wasim Akram
49%
Sunil Gavaskar
48%
WG Grace
48%
Curtly Ambrose
46%
Richard Hadlee
46%
Allan Border
45%
Garry Sobers
44%
Adam Gilchrist
41%
Dennis Lillee
41%
Malcolm Marshall
39%
Waqar Younis
38%
Anil Kumble
37%
Graeme Pollock
36%
Michael Holding
35%
Jack Hobbs
29%
Allan Donald
27%
Greg Chappell
27%
Javed Miandad
24%
Len Hutton
24%
Wally Hammond
24%
Fred Trueman
21%
Jim Laker
18%
Everton Weekes
16%
Denis Compton
15%
Frank Worrell
15%
Herbert Sutcliffe
15%
Keith Miller
15%
Sydney Barnes
14%
Clyde Walcott
13%
Victor Trumper
13%
Alan Knott
12%
George Headley
10%
Bill O'Reilly
9%
Alec Bedser
8%
Clarrie Grimmett
7%
Godfrey Evans
4%
No matching quizzes found
Score Distribution
Percent of People with Each Score
Percentile by Number Answered
Your Score History
You have not taken this quiz